| 000 | 01052nam a22002055i 4500 | ||
|---|---|---|---|
| 001 | 154379 | ||
| 003 | ES-MaACL | ||
| 005 | 20230906205712.0 | ||
| 008 | 040707s1888 it af |||| | ita d | ||
| 040 |
_aCAM _bspa _cCAM |
||
| 080 | _a821.131.1-2"17" | ||
| 100 | 1 |
_aGoldoni, Carlo ( _d1707-1793) _957673 |
|
| 245 | 1 | 0 |
_aTeatro scelto / _cdi Carlo Goldoni ; illustrato da Giacomo Mantegazza. |
| 250 | _aEd. speciale. | ||
| 260 |
_aMilano : _bEdoardo Sonzogno, editore, _c1888. |
||
| 300 |
_a471, [2] p., [17] h. lám. : _bil. ; _c35 cm. |
||
| 505 | 8 | _aContiene : La sposa sagace ; Le Baruffe Chiozzotte ; Il burbero benefico ; Un curioso accidente ; La locandiera ; Il ventaglio ; L'avaro ; La serva amorosa ; Gl'innamorati ; I rusteghi ; Il bugiardo ; La casa nova ; Il poeta fanatico ; La famiglia dell'antiquario ; La vedova scaltra ; La gelosia di Lindoro ; I pettegolezzi delle donne ; Il teatro comico ; Pamela Nubile ; La bottega del caffé | |
| 700 | 1 |
_aMantegazza, Giacomo. _9129421 |
|
| 852 |
_aES-MaACL _jG-5423 _z-- Enc. pasta española |
||
| 999 |
_c154379 _d154379 |
||